UBT Library

Applied statistics / (Record no. 47369)

000 -LEADER
fixed length control field 00629pam a2200217 a 4500
001 - CONTROL NUMBER
control field 2977064
005 - DATE AND TIME OF LATEST TRANSACTION
control field 20180828045420.0
008 - FIXED-LENGTH DATA ELEMENTS--GENERAL INFORMATION
fixed length control field 920507s1993 maua 001 0 eng
010 ## - LIBRARY OF CONGRESS CONTROL NUMBER
LC control number 92017067
020 ## - INTERNATIONAL STANDARD BOOK NUMBER
International Standard Book Number 0205134785
040 ## - CATALOGING SOURCE
Original cataloging agency DLC
Transcribing agency DLC
Modifying agency DLC
041 ## - LANGUAGE CODE
Language code of text/sound track or separate title eng
080 ## - UNIVERSAL DECIMAL CLASSIFICATION NUMBER
Universal Decimal Classification number 519.5
082 00 - DEWEY DECIMAL CLASSIFICATION NUMBER
Classification number 519.5
Edition number 20
100 1# - Rafti
Rafti 55
101 ## - Shkurtesa
Shkurtesa STA
245 10 - TITLE STATEMENT
Title Applied statistics /
Statement of responsibility, etc John Neter, William Wasserman, G.A. Whitmore.
906 ## - LOCAL DATA ELEMENT F, LDF (RLIN)
a 7
b cbc
c orignew
d 1
e ocip
f 19
g y-gencatlg
942 ## - ADDED ENTRY ELEMENTS (KOHA)
Source of classification or shelving scheme
Item type Books
Holdings
Withdrawn status Lost status Source of classification or shelving scheme Damaged status Not for loan Collection code Permanent location Current location Shelving location Date acquired Total Checkouts Full call number Barcode Date last seen Price effective from Koha item type
          Koleksioni i përgjithshem UBT - Lipjan UBT - Lipjan Koleksioni i përgjithshem 08/28/2018   519.5 WAS 002-3011976 08/28/2018 08/28/2018 Books
UBT Library © 2015-2024. All rights reserved University Education for Business and Technology